Welcome to the Holygrace Academy Library

Please use search bar below to get started

ASSEGAI (Record no. 3269)

MARC details
000 -LEADER
fixed length control field 00583nam a22001337a 4500
082 ## - DEWEY DECIMAL CLASSIFICATION NUMBER
Classification number 823
Item number SMI/A
100 ## - MAIN ENTRY--AUTHOR NAME
Personal name SMITH,WILBUR
245 ## - TITLE STATEMENT
Title ASSEGAI
260 ## - PUBLICATION, DISTRIBUTION, ETC. (IMPRINT)
Place of publication LONDON
Name of publisher PAN BOOKS
300 ## - PHYSICAL DESCRIPTION
Number of Pages 501
520 ## - SUMMARY, ETC.
Summary, etc With the backing of his uncle, General Penrod Ballantyne, young Leon Courtney joins the King's Rifles of Nairobi. When he becomes discouraged by the dishonesty of army life, his uncle recruits him for a special mission – spying on the Germans in East Africa, whom the General suspects are preparing for the Kaiser's war.
650 ## - SUBJECT ADDED ENTRY--TOPICAL TERM
Topical Term ENGLISH NOVEL
Geographic subdivision LONDON
942 ## - ADDED ENTRY ELEMENTS (KOHA)
Koha item type Books
Holdings
Withdrawn status Lost status Collection code Home library Current library Shelving location Date acquired Source of acquisition Full call number Accession Number Koha item type
    Fiction Main Library Main Library SHELF 2-J-ENGLISH NOVELS FOR TEACHERS 18/06/2010 PURCHASE 823 SMI/A 05430 Books